| 000 | 00375cam a22001457a 4500 | ||
|---|---|---|---|
| 008 | 180718b1971 xxu||||| |||| 00| 0 eng d | ||
| 082 | _aA6x5471 D26 | ||
| 100 | _aDasgupta, R.K. | ||
| 245 |
_aRevolt in East Bengal _cby R.K. Dasgupta |
||
| 260 |
_aDelhi _bThe Auth _c1971 |
||
| 300 | _a175p. | ||
| 500 | _aRs.20.00 | ||
| 650 | _aRevolution - Pakistan | ||
| 650 | _aBangla Desh | ||
| 999 |
_c343568 _d343568 |
||